History of invention : food and clothing

Bibliographic Details
Main Author: Gilpin, Daniel
Format: Book
Published: New York : Facts On File,Inc , 2004
Series:History of invention
Subjects:

MARC

LEADER 00000cam a2200000 7i4500
001 0000096607
005 20140127.0
020 |a 081605441X 
090 0 0 |a 609   |b HIS 
100 1 |a Gilpin, Daniel 
245 1 0 |a History of invention :   |b food and clothing   |c Daniel Gilpin 
260 |a New York :   |b Facts On File,Inc ,   |c 2004 
300 |a 96p. :   |b 28cm 
490 0 |a History of invention 
650 0 0 |a Agriculture   |x Juvenile literature 
650 0 0 |a Clothing and dress   |x Juvenile literature 
650 0 0 |a Food habits   |x Juvenile literature 
650 0 0 |a Hunting   |x Juvenile literature 
999 |a 00188464   |b BUKU   |c RUJUKAN   |e PERPUSTAKAAN KOMUNITI PETALING JAYA